Izbrannyje problemy i zadači innovacionnogo razvitija v Slovackoj Respublike

Význam inovácií v globalizovanom svete. Uskutočňovanie národných cieľov stratégie Európa 2020 v Slovenskej republike v oblasti inteligentného rastu. Výdavky na výskum a vývoj v SR v rokoch 1995-2016. Výdavky na výskum a vývoj vo vybraných krajinách sveta. Rast počtu vysokoškolsky vzdelaných ľudí. Vy...

Descrizione completa

Salvato in:
Dettagli Bibliografici
Autore principale: Gonda, Vladimír
Natura: Capitolo di libro
Lingua:russo
Soggetti:
Tags: Aggiungi Tag
Nessun Tag, puoi essere il primo ad aggiungerne!!

MARC

LEADER 00000naa a2200000 4500
001 0253193
005 20240712111753.8
041 0 |a rus 
044 |a RU 
245 1 0 |a Izbrannyje problemy i zadači innovacionnogo razvitija v Slovackoj Respublike  |c Vladimír Gonda 
520 |a Význam inovácií v globalizovanom svete. Uskutočňovanie národných cieľov stratégie Európa 2020 v Slovenskej republike v oblasti inteligentného rastu. Výdavky na výskum a vývoj v SR v rokoch 1995-2016. Výdavky na výskum a vývoj vo vybraných krajinách sveta. Rast počtu vysokoškolsky vzdelaných ľudí. Vybrané otázky inovačného rozvoja Slovenskej republiky. 
610 2 0 |a inovácia 
610 2 0 |a výskum 
610 2 0 |a vývoj 
610 2 0 |a financie 
610 2 0 |a výdavky 
610 2 0 |a vzdelávanie vysokoškolské 
610 2 0 |a výkonnosť inovačná 
610 2 0 |a Slovensko 
610 2 0 |a Európska únia 
100 1 |a Gonda, Vladimír